000 00304nam a22001337a 4500
008 170606b xxu||||| |||| 00| 0 eng d
020 _a9780393961515
041 _aeng
080 _a94(7/8)
100 _a18
101 _aSHH
245 _aAMERICA A NARRATIVE HISTORY
_cTINDALL.G.B
942 _2udc
_cBK
999 _c16094
_d16094